|
|
|
|
| LEADER |
00000nam0a2200000 4500 |
| 001 |
379001 |
| 005 |
20250602162952.0 |
| 035 |
|
|
|a (RuTPU)RU\TPU\retro\36462
|
| 090 |
|
|
|a 379001
|
| 100 |
|
|
|a 20230622d1897 km y0poly50 ba
|
| 101 |
1 |
|
|a pol
|c ger
|
| 102 |
|
|
|a PL
|
| 105 |
|
|
|a y z 000zy
|
| 200 |
1 |
|
|a Postep techniczny w przemysle wspolczesnym
|e "Recent Economic Changes"
|f D. A. Wells
|
| 210 |
|
|
|a Warszawa
|c Druk K. Kowalewskiego
|d 1897
|
| 215 |
|
|
|a 40 s.
|
| 300 |
|
|
|a Дозволено цензурою. Варшава, 8 Апреля 1897 года
|
| 316 |
|
|
|5 63413507: 14481
|a На обложке владельческая подпись: «Ant. Ossend.»
|
| 316 |
|
|
|5 63413507: 14481
|a На титульном листе надпись на иностранном языке
|
| 316 |
|
|
|5 63413507: 14481
|a На полях и в тексте многочисленные пометы
|
| 317 |
|
|
|5 63413507: 14481
|a Поступил в НТБ в 1915 г. в дар от лаборанта ТТИ А. М. Оссендовского (наст. имя Фердинанд Антоний Оссендовский)
|
| 541 |
1 |
|
|a Технический прогресс в современной промышленности
|z pol
|
| 606 |
1 |
|
|a Технический прогресс
|x Зарубежные страны
|2 stltpush
|3 (RuTPU)RU\TPU\subj\60124
|9 77613
|
| 606 |
1 |
|
|a Промышленность
|x Экономика
|2 stltpush
|3 (RuTPU)RU\TPU\subj\36779
|9 58034
|
| 610 |
1 |
|
|a промышленность
|
| 610 |
1 |
|
|a производство
|
| 610 |
1 |
|
|a транспортные средства
|
| 610 |
1 |
|
|a стекольная промышленность
|
| 610 |
1 |
|
|a полезные ископаемые
|
| 610 |
1 |
|
|a строительство
|
| 610 |
1 |
|
|a добыча газа
|
| 610 |
1 |
|
|a продукты питания
|
| 610 |
1 |
|
|a развитие
|
| 610 |
1 |
|
|a торговля
|
| 610 |
1 |
|
|a дары библиотеке
|
| 610 |
1 |
|
|a владельческие подписи
|
| 610 |
1 |
|
|a Коллекция А. М. Оссендовского
|
| 610 |
1 |
|
|a польский язык
|
| 675 |
|
|
|a 62.001.7(104)
|v 3
|
| 675 |
|
|
|a 658
|v 3
|
| 700 |
|
1 |
|a Wells
|b D. A.
|
| 702 |
|
1 |
|a Michalski
|b S.
|g Stanislaw
|4 730
|
| 702 |
|
1 |
|a Schippla
|b M.
|4 570
|
| 801 |
|
1 |
|a RU
|b 63413507
|c 20230622
|
| 801 |
|
2 |
|a RU
|b 63413507
|c 20230627
|g RCR
|
| 850 |
|
|
|a 63413507
|
| 942 |
|
|
|c BK
|